<?xml version="1.0" encoding="UTF-8"?>
<collection xmlns="http://www.loc.gov/MARC21/slim">
  <record>
    <leader>00000nam  2200000   4500</leader>
    <controlfield tag="001">INLIS000000000020065</controlfield>
    <controlfield tag="005">20250519025711</controlfield>
    <datafield tag="035" ind1="#" ind2="#">
      <subfield code="a">0010-0525000148</subfield>
    </datafield>
    <controlfield tag="007">ta</controlfield>
    <controlfield tag="008">250519################|##########|#|##</controlfield>
    <datafield tag="084" ind1="#" ind2="#">
      <subfield code="a">R 0070 PKN II 2024</subfield>
    </datafield>
    <datafield tag="100" ind1=" " ind2="#">
      <subfield code="a">Febri Yanto</subfield>
    </datafield>
    <datafield tag="245" ind1="1" ind2="#">
      <subfield code="a">Strategi Peningkatan Akurasi Rekomendasi Kebijakan Berdasarkan Sentimen Analisa Media Online Di Dinas Komunikasi Dqan Informatika Kota Pangkalpinang /</subfield>
      <subfield code="c">Febri Yanto</subfield>
    </datafield>
    <datafield tag="250" ind1="#" ind2="#">
      <subfield code="a">1</subfield>
    </datafield>
    <datafield tag="260" ind1="#" ind2="#">
      <subfield code="a">Jakarta :</subfield>
      <subfield code="b">Pusbangkom Pimnas,</subfield>
      <subfield code="c">2024</subfield>
    </datafield>
    <datafield tag="300" ind1="#" ind2="#">
      <subfield code="a">183 :</subfield>
      <subfield code="b">ilus ;</subfield>
      <subfield code="c">29 x 21 x 2</subfield>
    </datafield>
    <datafield tag="650" ind1="#" ind2="4">
      <subfield code="a">Kebijakan, Komunikasi</subfield>
    </datafield>
    <datafield tag="520" ind1="#" ind2="#">
      <subfield code="a">Sebagai Strategi dalam pengambilan kebijakan oleh Kepala Daerah&#13;
yang cepat dan tepat sasaran, Sentimen Analisis Pemberitaan media&#13;
online dapat dijadikan dasar dan bahan referensi pimpinan sebelum&#13;
memutuskan kebijakan yang akan diambil, Dinas Kominfo berperan&#13;
menyiapkan rekomendasi kebijakan yang akan diusulkan kepada Kepala&#13;
Daerah, dibutuhkan Kolaborasi dengan semua stakeholder sehingga&#13;
dapat menghasilkan Solusi kebijakan terbaik yang diambil oleh Kepala&#13;
Daerah untuk masyarakatnya. Produk utama berupa 1). Regulasi yaitu&#13;
Surat Keputusan Walikota tentang tindak lanjut pelaksanaan kebijakan&#13;
walikota yang diambil berdasarkan rekomendasi analisa pemberitaan&#13;
media, Surat Edaran Walikota Tentang Kewajiban Organisasi Perangkat&#13;
Daerah dalam melaksanakan kebijakan kepala daerah di Kota&#13;
Pangkalpinang. 2) Dashboard Analytic Media Online Pada Website Resmi&#13;
Pemerintah Kota Pangkalpinang 3) Perjanjian Kerjasama atau MOU&#13;
dengan perusahaan media online di Kota Pangakalpinang.</subfield>
    </datafield>
    <datafield tag="856" ind1="#" ind2="#">
      <subfield code="a">Perpustakaan Pusat LAN</subfield>
    </datafield>
    <datafield tag="990" ind1="#" ind2="#">
      <subfield code="a">2024/1.2,2/A/0070</subfield>
    </datafield>
  </record>
</collection>
